000
00298nam a2200133Ia 4500
008
150201s2008 xx 000 0 und d
082
_a
611
_b
G08G
100
_a
PAL,GP
245
_a
GENERAL ANATOMY
250
_a
2ND
260
_b
PEEPEE
_a
DELHI
_c
2008
650
_a
HUMAN ANATOMY
942
_2
ddc
_c
BK
_0
5
999
_c
598
_d
598